Nước non Bình Định

Giới thiệu lịch sử, địa lí, danh thắng, phong hoá, tôn giáo, dân số và kinh tế.. Bình Định

Đã lưu trong:
书目详细资料
主要作者: Quách Tấn
格式: 图书
语言:Vietnamese
出版: H. Thanh Niên 1999
主题:
标签: 添加标签
没有标签, 成为第一个标记此记录!
Thư viện lưu trữ: Mạng thư viện Đại học Đà Nẵng
LEADER 01159nam a2200349 4500
001 000008806
003 4999
005 20120731140740.0
008 111021s1999 viesd
020 |c 50000đ 
041 0 |a vie 
082 |a 959.7574  |b QU-T 
100 0 |a Quách Tấn 
245 0 |a Nước non Bình Định  |c Quách Tấn 
260 |a H.  |b Thanh Niên  |c 1999 
300 |a 554tr.  |c 20cm 
520 |a Giới thiệu lịch sử, địa lí, danh thắng, phong hoá, tôn giáo, dân số và kinh tế.. Bình Định 
653 |a Lịch sử 
653 |a Danh lam thắng cảnh 
653 |a Địa lí 
653 |a Bình Định 
910 |a Võ Quang Huy  |d 21/10/2011 
OWN |a LSP 
AVA |a UDN50  |b LSP  |d 959.7574 QU-T  |e available  |t Error 5001 Not defined in file expand_doc_bib_avail.  |f 3  |g 0  |h N  |i 0  |k 1 
999 |a From the UDN01 
AVA |a UDN50  |b LSP  |d 959.7574 QU-T  |e available  |t Error 5001 Not defined in file expand_doc_bib_avail.  |f 3  |g 0  |h N  |i 0  |k 1 
TYP |a Monograph 
TYP |a Printed language 
980 |a Mạng thư viện Đại học Đà Nẵng